000 02366cam a2200349 i 4500
003 SA-RiAUC
005 20250422065718.0
008 250421s1980 xx f b i00010 ara c
024 0 _a00000001007760
040 _aOQUL
_bara
_cSA-RiAUC
_dAE-DuMBRL
_erda
050 4 _b.S53 1980
082 0 4 _a337.11761
_qSA-RiAUC
090 _a337.11761
_b ش ل ب
100 1 _aشلبي، إسماعيل عبد الرحيم
_eمؤلف.
245 1 2 _aالتكامل الاقتصادي بين الدول الإسلامية /
_cدكتور إسماعيل عبد الرحيم شلبي.
264 1 _a[مكان النشر غير محدد] :
_bالاتحاد الدولي للبنوك الإسلامية،
_c[1980]
300 _a365 صفحة ؛
_c20 × 14 سم.
336 _aنص
_btxt
_2rdacontent
_3كتاب
337 _aبدون وسيط
_bn
_2rdamedia
338 _aمجلد
_bnc
_2rdacarrier
490 0 _aمطبوعات الاتحاد الدولي للبنوك الإسلامية
500 _aتاريخ النشر من الإيداع.
504 _aببليوجرافية : صفحة 351-360.
505 0 _aالمحتويات : فصل تمهيدي : موقف البلاد الإسلامية من التخلف-الباب الأول : التكامل الاقتصادي-الفصل الأول : الدوافع السياسية للتكامل الاقتصادي-الفصل الثاني : مزايا التكامل الاقتصادي-الباب الثاني : صور التكامل الاقتصادي في الأنظمة الاقتصادية المختلفة-الفصل الأول : التكامل الاقتصادي لأمريكا اللاتينية-الفصل الثاني : التكامل الاقتصادي لأمريكا الوسطى-الفصل الثالث : التعاون والتكامل الاقتصادي لمنطقة شرق أفريقيا ... وموضوعات اخرى.
650 7 _aالتكامل الاقتصادي
_zالبلاد الإسلامية
_2aucsh
650 7 _aالعلاقات الاقتصادية الدولية
_2aucsh
651 7 _aالبلاد الإسلامية
_xسياسة اقتصادية
_2aucsh
651 7 _aالبلاد الإسلامية
_xعلاقات اقتصادية خارجية
_2aucsh
942 _2ddc
_cBOOK
_n0
949 _aSA-JeALM
_d250421
_umohamedma123
_n1
999 _c7307
_d7307